|
|
|
|
| LEADER |
00687nam a2200253 4500 |
| 001 |
DLU090075267 |
| 005 |
##20090527 |
| 040 |
# |
# |
|a DLU
|b vie
|
| 041 |
# |
# |
|a vie
|
| 044 |
# |
# |
|a vn
|
| 100 |
# |
# |
|a Lê Nguyên Cẩn,
|c PTS.
|
| 245 |
# |
# |
|a Cốt truyện đa tuyến trong tiểu thuyết Balzac /
|c Lê Nguyên Cẩn.
|
| 653 |
# |
# |
|a Bandắc,Ônôrê đơ 1799-1850
|
| 653 |
# |
# |
|a Cốt truyện
|
| 653 |
# |
# |
|a Thi pháp tiểu thuyết Balzac
|
| 773 |
# |
# |
|t Tạp chí văn học
|g Số 6, 1999, tr. 47-52
|
| 994 |
# |
# |
|a DLU
|
| 900 |
# |
# |
|a True
|
| 911 |
# |
# |
|a Nguyễn Thị Linh Chi
|
| 925 |
# |
# |
|a G
|
| 926 |
# |
# |
|a A
|
| 927 |
# |
# |
|a BB
|
| 980 |
# |
# |
|a Thư viện Trường Đại học Đà Lạt
|